| 000 | 00000nam##2200000za#4500 |
| 001 | 9.663633 |
| 003 | CaOODSP |
| 005 | 20200401083241 |
| 007 | ta |
| 008 | 150407|2001||||xxc||||| f|0| 0 eng|d |
| 020 | |a2-922084-48-5 |
| 040 | |aCaOODSP|beng |
| 041 | |aeng |
| 041 | |afre |
| 043 | |an-cn--- |
| 086 | 1 |aE84-8/2001 |
| 110 | 1 |aCanada.|bInternational Centre for Human Rights and Democratic Development. |
| 245 | 10|aUnequal harvest : |bfarmers' voices on international trade and the right to food / |cby Lauren Posner. |
| 260 | |aMontreal - Quebec : |bInternational Centre for Human Rights and Democratic Development |c2001. |
| 300 | |aEnglish text, 26p. : |billus., references ; |c28 cm. |
| 546 | |aBilingual |
| 563 | |aSoftcover |
| 590 | |a02-16|b2002-04-19 |
| 690 | 07|aAgri-food industry|2gcpds |
| 690 | 07|aInternational trade|2gcpds |
| 690 | 07|aFood|2gcpds |
| 690 | 07|aSocial rights|2gcpds |
| 720 | 1 |aPosner, Lauren |
| 776 | 0#|tRécoltes inégales : |w(CaOODSP)9.640320 |
| 776 | 0#|tUnequal harvest : |w(CaOODSP)9.696200 |
| 792 | |tRécoltes inégales : |efre|w(CaOODSP)9.663634 |